Звичайний вигляд
Перегляд у МАРК
Входження „Personal Name“
Кількість записів, які використовуються: 1
001 - CONTROL NUMBER
- control field: 23110
003 - CONTROL NUMBER IDENTIFIER
- control field: UA-OsUOA
005 - DATE AND TIME OF LATEST TRANSACTION
- control field: 20260203103406.0
008 - FIXED-LENGTH DATA ELEMENTS
- fixed length control field: 260203|| aca||aabn | a|a d
040 ## - CATALOGING SOURCE
- Original cataloging agency: UA-OsUOA
- Transcribing agency: UA-OsUOA
100 ## - HEADING--PERSONAL NAME
- Personal name: Грабовецький В. В
670 ## - SOURCE DATA FOUND
- Source citation: Work cat.: (UA-OsUOA)307043: Грабовецький В. В., Олекса Довбуш (1700–1745), 1994